هل المرأة نصف الرجل في الإسلام على الدوام ؟ : (رقم التسجيلة. 111094)
[ عرض عادي ]
| 000 -الفاتح | |
|---|---|
| عناصر البيانات ثابتة الطول | 00828cam a2200181 i 4500 |
| 005 - تاريخ ووقت آخر معاملة | |
| حقل ضبط | 20251214102211.0 |
| 008 - عناصر البيانات ثابتة الطول | |
| عناصر البيانات ثابتة الطول | 250721s2007 ua gr 000 0 ara d |
| 082 14 - رقم تصنيف ديوي العشري | |
| رقم التصنيف | 216.534 |
| رقم المادة | ج و ه |
| 100 1# - مدخل رئيسي – اسم شخصي | |
| الاسم الشخصي | جوهر، أحمد المرسى |
| علاقة الشخص بالعمل/ دوره | معد. |
| 245 10 - بيان العنوان | |
| العنوان | هل المرأة نصف الرجل في الإسلام على الدوام ؟ : |
| بقية العنوان | عن بحث فاز بالجائزة الأولى بمسابقة الشيخ الشعراوي بالأهر عام 1994م / |
| بيان المسؤولية | اعداد احمد المرسي جوهر. |
| 264 31 - بيانات النشر، التوزيع…إلخ | |
| مكان النشر، التوزيع...إلخ | المنصورة : |
| اسم الناشر، الموزع...إلخ | مكتبة الإيمان للنشر و التوزيع، |
| تاريخ النشر، التوزيع...إلخ | 2007. |
| 300 ## - الوصف المادي | |
| عدد الوحدات المكونة للوعاء | 303 صفحه . |
| 650 17 - مدخل إضافي بالموضوع - مصطلح موضوعي | |
| مصطلح موضوعي أو اسم جغرافي كعنصر مدخل | المراه المسلمه. |
| 650 17 - مدخل إضافي بالموضوع - مصطلح موضوعي | |
| مصطلح موضوعي أو اسم جغرافي كعنصر مدخل | الفقه الاسلامي. |
| 650 17 - مدخل إضافي بالموضوع - مصطلح موضوعي | |
| مصطلح موضوعي أو اسم جغرافي كعنصر مدخل | الاحكام الشرعيه. |
| 942 ## - بيانات إضافية (كوها) | |
| نوع التنصيف | Dewey Decimal Classification |
| نوع المادة (كوها) | كتب |
| حالة السحب | حالة الفقدان | مصدر التصنيف | حالة التلف | غير قابل للإعارة | المكتبة الرئيسية | المكتبة الحالية | موقع الرف | تاريخ التزويد | الرقم المتسلسل | Total Checkouts | رقم الإستدعاء | الباركود | تاريخ آخر ظهور | تاريخ الفاتورة | نوع المادة (كوها) |
|---|---|---|---|---|---|---|---|---|---|---|---|---|---|---|---|
| Dewey Decimal Classification | المكتبة المركزية | المكتبة المركزية | الإعارة | 28/07/2025 | 1164627 | 216.534 / ج و ه | 1164627 | 28/07/2025 | 28/07/2025 | كتب | |||||
| Dewey Decimal Classification | مكتبة الأميرة ايمان العامة | مكتبة الأميرة ايمان العامة | الإعارة | 28/07/2025 | 1164628 | 216.534/جوه | 1164628 | 28/07/2025 | 28/07/2025 | كتب | |||||
| Dewey Decimal Classification | مكتبة الاميرة بديعة | مكتبة الاميرة بديعة | الإعارة | 28/07/2025 | 1164631 | 216.534/جوه | 1164631 | 28/07/2025 | 28/07/2025 | كتب | |||||
| Dewey Decimal Classification | مكتبة صويلح العامة | مكتبة صويلح العامة | الإعارة | 28/07/2025 | 1164629 | 216.534/جوه | 1164629 | 28/07/2025 | 28/07/2025 | كتب |